MARC

LEADER 00000nam0a2200000 4500
001 373717
005 20231102012606.0
020 |a RU  |b 89-82483 
035 |a (RuTPU)RU\TPU\retro\31147 
035 |a RU\TPU\book\309907 
090 |a 373717 
100 |a 20221216d1984 e y0rusy5003 ca 
101 0 |a rus 
102 |a BY 
105 |a a z 001ab 
200 1 |a Весенней гулкой ранью...  |e этюды-раздумья о Сергее Есенине  |f С. П. Кошечкин  |g худож. В. Белан 
210 |a Москва  |c Детская литература  |d 1984 
215 |a 224  |d 19 см 
320 |a Вступительная статья : с. 5-6 
600 1 |a Есенин  |b С. А.  |c русский поэт  |f 1895-1925  |g Сергей Александрович  |2 stltpush  |3 (RuTPU)RU\TPU\pers\169  |9 91 
606 1 |a Русская литература современная  |x История и критика  |2 stltpush  |3 (RuTPU)RU\TPU\subj\26374  |9 50317 
610 1 |a русская поэзия 
610 1 |a этюды 
610 1 |a русские писатели 
610 1 |a русские поэты 
610 1 |a биографии 
675 |a 8Р2(092)  |v 3 
700 1 |a Кошечкин  |b С. П.  |g Сергей Петрович  |4 070 
702 1 |a Белан  |b В.  |4 440 
801 0 |a RU  |b 63413507  |c 19950417  |g psbo 
801 1 |a RU  |b 63413507  |c 20090924 
801 2 |a RU  |b 63413507  |c 20221216  |g RCR 
942 |c BK